000
00272nam a2200121Ia 4500
008
231129s1988||||xx |||||||||||||| ||spa||
040
_b
spa
082
_a
613 H918
245
0
_a
Humanización en salud
260
_c
1988
264
_a
Cencapas ; Selare
942
_2
ddc
_c
BKS
999
_c
15505
_d
15505